Čo má zostať utajené

Vymedzenie obchodného tajomstva podľa zákona č. 513/1991 Zb. Obchodné tajomstvo (par. 17-20 Obchodného zákonníka). Predpoklady pre určenie obchodného tajomstva. Porušenie obchodného tajomstva. Spôsoby ochrany obchodného tajomstva.

Na minha lista:
Detalhes bibliográficos
Autor principal: Ragáčová, Katarína
Formato: Capítulo de Livro
Idioma:eslovaco
Assuntos:
Tags: Adicionar Tag
Sem tags, seja o primeiro a adicionar uma tag!

MARC

LEADER 00000naa a2200000 4500
001 r046994
005 20230920080904.4
041 0 |a slo 
044 |a SK 
245 1 0 |a Čo má zostať utajené  |c Katarína Ragáčová 
520 |a Vymedzenie obchodného tajomstva podľa zákona č. 513/1991 Zb. Obchodné tajomstvo (par. 17-20 Obchodného zákonníka). Predpoklady pre určenie obchodného tajomstva. Porušenie obchodného tajomstva. Spôsoby ochrany obchodného tajomstva. 
610 2 0 |a tajomstvo obchodné 
610 2 0 |a zákonník obchodný 
610 2 0 |a právo priemyselné 
610 2 0 |a podnikatelia 
610 2 0 |a Slovensko 
100 1 |a Ragáčová, Katarína